Memoria de actividades 2004 (Registro nro. 17593)
[ vista simple ]
| 000 -CABECERA | |
|---|---|
| Longitud fija campo de control | 01268nam a2200325 c 4500 |
| 001 - NÚMERO DE CONTROL | |
| Número de control | 17593 |
| 003 - IDENTIFICADOR DE NÚMERO DE CONTROL | |
| Identificador del número de control | ES-MaCES |
| 005 - FECHA Y HORA DE LA ÚLTIMA TRANSACCIÓN | |
| Fecha y hora de la última transacción | 20141221122507.0 |
| 008 - CAMPO FIJO DE DESCRIPCIÓN FIJA--INFORMACIÓN GENERAL | |
| Códigos de información de longitud fija | 050527s2005 sp do t o000 | spa d |
| 017 ## - NÚMERO DE REGISTRO DE DERECHOS DE AUTOR Y DEPÓSITO LEGAL | |
| Número de copyright o de depósito legal | VA 307-2005 |
| Agencia que asigna el número | DL |
| 020 ## - ISBN (INTERNATIONAL STANDARD BOOK NUMBER) | |
| Número Internacional Normalizado para Libros (ISBN) | 8495308231 |
| 035 ## - NÚMERO DE CONTROL DEL SISTEMA | |
| Número de control del sistema | CES20050005139m |
| 040 ## - FUENTE DE CATALOGACIÓN | |
| Centro catalogador de origen | ES-MaCES |
| Lengua de catalogación | spa |
| Centro transcriptor | ES-MaCES |
| 110 2# - ENCABEZAMIENTO PRINCIPAL--NOMBRE CORPORATIVO | |
| Nombre de entidad corporativa o nombre de jurisdicción como elemento inicial | Consejo Económico y Social (Castilla y León) |
| 9 (RLIN) | 2405 |
| 245 10 - MENCIÓN DE TÍTULO | |
| Título | Memoria de actividades 2004 |
| Mención de responsabilidad, etc. | Consejo Económico y Social, Comunidad de Castilla y León |
| 260 ## - PUBLICACIÓN, DISTRIBUCIÓN, ETC (PIE DE IMPRENTA) | |
| Lugar de publicación, distribución, etc. | Valladolid |
| Nombre del editor, distribuidor, etc. | CES |
| Fecha de publicación, distribución, etc. | [2005] |
| 300 ## - DESCRIPCIÓN FÍSICA | |
| Extensión | 387 p. |
| Otras características físicas | fot. gráf. col. |
| Dimensiones | 24 cm |
| 500 ## - NOTA GENERAL | |
| Nota general | En la port.: Sesión de aprobación, Pleno 23 de febrero de 2005 |
| 541 ## - NOTA DE LA FUENTE INMEDIANTE DE ADQUISICIÓN | |
| Forma de adquisición | Gratuito |
| 610 24 - ASIENTO SECUNDARIO DE MATERIA--NOMBRE CORPORATIVO | |
| Nombre de entidad corporativa o nombre de jurisdicción como elemento inicial | Consejo Económico y Social (Castilla y León) |
| 9 (RLIN) | 2405 |
| 650 #4 - ASIENTO SECUNDARIO DE MATERIA--TÉRMINO DE MATERIA | |
| Término de materia o nombre geográfico como elemento inicial | memoria anual |
| 9 (RLIN) | 28977 |
| 650 #4 - ASIENTO SECUNDARIO DE MATERIA--TÉRMINO DE MATERIA | |
| Término de materia o nombre geográfico como elemento inicial | informe de actividades |
| 9 (RLIN) | 28984 |
| 650 #4 - ASIENTO SECUNDARIO DE MATERIA--TÉRMINO DE MATERIA | |
| Término de materia o nombre geográfico como elemento inicial | 2004 |
| 9 (RLIN) | 31739 |
| 653 10 - TÉRMINO DE INDEXACIÓN--NO CONTROLADO | |
| Término no controlado | Administración-Instituciones públicas |
| 787 0# - ENTRADA DE OTRAS ESPECIFICACIONES | |
| Título | Memoria de actividades 2005 / Consejo Económico y Social, Comunidad de Castilla y León |
| Número de control del registro relacionado | (ES-MaCES)18673 |
| 787 0# - ENTRADA DE OTRAS ESPECIFICACIONES | |
| Título | Memoria de actividades 2003 / Consejo Económico y Social, Comunidad de Castilla y León |
| Número de control del registro relacionado | (ES-MaCES)16798 |
| 902 ## - CES. TIPO DE DOCUMENTO | |
| Tipodoc (006$c Sirtex) | LIB Libro |
| 942 ## - ELEMENTOS KOHA | |
| Fuente de clasificaión o esquema | Clasificación propia del CES |
| Koha [por defecto] tipo de item | Monografías |
| Parte de clasificación | 6.3. |
| Número de registro | Signatura completa | Tipo de item de Koha |
|---|---|---|
| 060695 | CES CYL-50 | Monografías |
